[Event "Titled Tuesday intern op 16th Apr Late"]
[Site "Chess.com INT"]
[Date "2024.04.16"]
[Round "8"]
[White "Brilej, Jaka"]
[Black "Caspi, Israel"]
[Result "0-1"]
[WhiteElo "2274"]
[BlackElo "2468"]
[PlyCount "128"]
[EventDate "2024.04.16"]
[EventType "swiss (blitz)"]
[EventRounds "11"]
[EventCountry "USA"]
[SourceTitle "CB17_2024"]
[SourceDate "2024.04.24"]
[SourceVersion "1"]
[SourceVersionDate "2024.04.24"]
[SourceQuality "1"]

1. e4 d5 2. exd5 Qxd5 3. Nc3 Qd6 4. d4 Nf6 5. Nf3 a6 6. Bc4 b5 7. Bb3 e6 8. 0-0 c5 9. dxc5 Qxd1 10. Rxd1 Bxc5 11. h3 Bb7 12. Ne5 Nbd7 13. Nxd7 Nxd7 14. a4 b4 15. Ne2 a5 16. Bf4 Ke7 17. Nd4 Rhd8 18. Be3 Rac8 19. Rd2 Nf6 20. Rad1 Bd5 21. Bxd5 Nxd5 22. Nf5+ Kf6 23. Bxc5 Rxc5 24. Nd4 Rdc8 25. g3 h5 26. h4 g6 27. Nb3 Rxc2 28. Nxa5 Rxd2 29. Rxd2 Ra8 30. Nc4 Rxa4 31. Nd6 Ra6 32. Ne4+ Ke7 33. Kf1 Rc6 34. Ke2 Rc4 35. Ng5 f6 36. Nf3 Rc1 37. Nd4 Kd6 38. Nb3 Rb1 39. Kd3 g5 40. hxg5 fxg5 41. Kc4 h4 42. gxh4 gxh4 43. Nd4 h3 44. Nf3 Rf1 45. Kb3 Ke7 46. Nh2 Rh1 47. Ng4 Rg1 48. Nh2 Rg2 49. Nf3 Kf6 50. Rd1 Rxf2 51. Nd4 h2 52. Rh1 Ke5 53. Nc2 Kf4 54. Ne1 Kg3 55. Nd3 Rf3 56. Kc4 Rxd3 57. Kxd3 Kg2 58. Re1 h1Q 59. Rxh1 Kxh1 60. Kd4 Kg2 61. Ke5 Nc7 62. Kd4 Kf3 63. Kc4 Nd5 64. Kd4 Kf4 0-1

[Event "Titled Tuesday intern op 13th Feb Late"]
[Site "Chess.com INT"]
[Date "2024.02.13"]
[Round "7"]
[White "Brilej, Jaka"]
[Black "Al Blooshi, Hamad Essa"]
[Result "1-0"]
[WhiteElo "2320"]
[BlackElo "2067"]
[PlyCount "141"]
[EventDate "2024.02.13"]
[EventType "swiss (blitz)"]
[EventRounds "11"]
[EventCountry "USA"]
[SourceTitle "CB08_2024"]
[SourceDate "2024.02.21"]
[SourceVersion "1"]
[SourceVersionDate "2024.02.21"]
[SourceQuality "1"]

1. e4 c5 2. Nf3 Nc6 3. Bb5 Qb6 4. Bxc6 Qxc6 5. d3 g6 6. 0-0 Bg7 7. c3 d6 8. h3 Nf6 9. e5 dxe5 10. Nxe5 Qc7 11. Re1 0-0 12. Na3 a6 13. Bf4 Qd8 14. Nac4 Be6 15. Bh2 b5 16. Ne3 Nd5 17. Nc6 Qd7 18. Nxd5 Bxd5 19. Nxe7+ Kh8 20. Nxd5 Qxd5 21. Qc2 Rad8 22. Re3 Bh6 23. Rf3 f5 24. a4 Rfe8 25. axb5 axb5 26. Bc7 Rd7 27. Ba5 Rde7 28. c4 bxc4 29. dxc4 Qd6 30. Rd1 Qe6 31. Re1 Qd6 32. Rxe7 Qxe7 33. g3 Ra8 34. Bc3+ Kg8 35. Qd3 Rd8 36. Qc2 Qd7 37. Kg2 Qd6 38. Qe2 Kf7 39. h4 Re8 40. Qd3 Qc6 41. Qd5+ Qxd5 42. cxd5 Rd8 43. Rd3 Bf8 44. Kf3 Re8 45. Bd2 Bg7 46. b3 Rd8 47. Bf4 Bd4 48. d6 Ke6 49. b4 Rd7 50. h5 Rd8 51. h6 Rd7 52. Ke2 Rd8 53. Kd1 Kd7 54. Kc2 Re8 55. Kb3 Re2 56. bxc5 Bxc5 57. Rd5 Bxf2 58. Rb5 Re4 59. Rb7+ Ke6 60. d7 Rd4 61. Bg5 Rxd7 62. Rb6+ Rd6 63. Rb7 Bxg3 64. Rxh7 Rd3+ 65. Kc4 Be5 66. Re7+ Kd6 67. h7 Rh3 68. Rf7 Ke6 69. Re7+ Kd6 70. Kb5 Bd4 71. Kc4 1-0

[Event "Titled Tuesday intern op 13th Feb Late"]
[Site "Chess.com INT"]
[Date "2024.02.13"]
[Round "4"]
[White "Brilej, Jaka"]
[Black "Kacprzak, Karol1"]
[Result "0-1"]
[WhiteElo "2320"]
[BlackElo "2322"]
[PlyCount "66"]
[EventDate "2024.02.13"]
[EventType "swiss (blitz)"]
[EventRounds "11"]
[EventCountry "USA"]
[SourceTitle "CB08_2024"]
[SourceDate "2024.02.21"]
[SourceVersion "1"]
[SourceVersionDate "2024.02.21"]
[SourceQuality "1"]

1. e4 c6 2. d4 d5 3. e5 Bf5 4. Nf3 e6 5. Be2 Nd7 6. c3 h6 7. 0-0 Ne7 8. Na3 Bh7 9. Nc2 g5 10. Ne3 Bg7 11. a4 Qc7 12. b4 Ng6 13. a5 a6 14. g3 0-0 15. Bd3 Kh8 16. Ng4 f5 17. exf6 Nxf6 18. Nge5 Ne4 19. Bxe4 dxe4 20. Nxg6+ Bxg6 21. Ne5 Bxe5 22. dxe5 Qxe5 23. Be3 Kh7 24. Qd4 Qf5 25. Qb6 Rf7 26. Qd4 Bh5 27. f3 Bxf3 28. Rad1 Raf8 29. Rd2 Qh3 30. Rdf2 Qf5 31. Rd2 Kg6 32. Rff2 Qd5 33. Qc5 Qb3 0-1

[Event "Titled Tuesday intern op 13th Feb Early"]
[Site "Chess.com INT"]
[Date "2024.02.13"]
[Round "2"]
[White "Brilej, Jaka"]
[Black "Mikhaylova, Irina"]
[Result "1-0"]
[WhiteElo "2320"]
[BlackElo "2169"]
[PlyCount "123"]
[EventDate "2024.02.13"]
[EventType "swiss (blitz)"]
[EventRounds "11"]
[EventCountry "USA"]
[SourceTitle "CB08_2024"]
[SourceDate "2024.02.21"]
[SourceVersion "1"]
[SourceVersionDate "2024.02.21"]
[SourceQuality "1"]

1. e4 c5 2. Nf3 Nc6 3. Bb5 e6 4. Bxc6 bxc6 5. d3 Ne7 6. Nbd2 Ng6 7. h4 h5 8. b3 Be7 9. Bb2 f6 10. e5 Kf7 11. g3 Qc7 12. Qe2 a5 13. a4 d6 14. exd6 Bxd6 15. Ne4 e5 16. 0-0-0 Bg4 17. Qe3 Ne7 18. Nxd6+ Qxd6 19. Rde1 Nf5 20. Qe4 Nd4 21. Nd2 Qd5 22. f3 Nxf3 23. Ref1 Nxd2 24. Kxd2 Qxe4 25. dxe4 Rhd8+ 26. Ke3 c4 27. bxc4 Kg6 28. Bc3 Be6 29. c5 Bc4 30. Rb1 Rdb8 31. Rb6 Rc8 32. Rd1 Rc7 33. Rd6 Rac8 34. Bxe5 Re7 35. Bc3 Bd5 36. e5 Kf7 37. Rb1 fxe5 38. Bxa5 Ra8 39. Bb4 Rxa4 40. c3 Ra2 41. Rf1+ Kg8 42. Rd8+ Kh7 43. Rdf8 Rg2 44. R1f2 Rxg3+ 45. Kd2 Rg2 46. Rxg2 Bxg2 47. Ke3 Bd5 48. c4 Rf7 49. Bc3 Rxf8 50. cxd5 cxd5 51. Bxe5 Rc8 52. Kd4 Kg6 53. Kxd5 Kf5 54. Bxg7 Kg4 55. Bf6 Rf8 56. Bg5 Rf5+ 57. Kd6 Rf1 58. c6 Rf2 59. c7 Rc2 60. Kd7 Kf5 61. c8Q Rxc8 62. Kxc8 1-0

[Event "Titled Tuesday intern op 13th Feb Late"]
[Site "Chess.com INT"]
[Date "2024.02.13"]
[Round "6"]
[White "Brilej, Jaka"]
[Black "Rozman, Levy"]
[Result "0-1"]
[WhiteElo "2320"]
[BlackElo "2322"]
[PlyCount "76"]
[EventDate "2024.02.13"]
[EventType "swiss (blitz)"]
[EventRounds "11"]
[EventCountry "USA"]
[SourceTitle "CB08_2024"]
[SourceDate "2024.02.21"]
[SourceVersion "1"]
[SourceVersionDate "2024.02.21"]
[SourceQuality "1"]

1. e4 d5 2. exd5 Qxd5 3. Nc3 Qa5 4. d4 Nf6 5. Nf3 Bf5 6. Bd2 e6 7. Bc4 Bb4 8. a3 Bxc3 9. Bxc3 Qb6 10. 0-0 Nc6 11. Ne5 0-0 12. Nxc6 Qxc6 13. Qe2 Bxc2 14. d5 exd5 15. Bb5 Qb6 16. Bxf6 gxf6 17. Qxc2 Qxb5 18. Qxc7 Qxb2 19. Rab1 Qxa3 20. Rxb7 a5 21. h3 Ra6 22. Rfb1 a4 23. Rb8 Qd6 24. Rxf8+ Kxf8 25. Rb8+ Kg7 26. Qxd6 Rxd6 27. Ra8 f5 28. Rxa4 Kf6 29. Kf1 Ke5 30. Rh4 h6 31. Ke2 Ra6 32. Rh5 d4 33. g4 Ra2+ 34. Ke1 Ke4 35. Rxf5 Kd3 36. Rf3+ Kc2 37. Ke2 Ra7 38. Rxf7 Rxf7 0-1

[Event "Titled Tuesday intern op 13th Feb Late"]
[Site "Chess.com INT"]
[Date "2024.02.13"]
[Round "9"]
[White "Jusup, Matej"]
[Black "Brilej, Jaka"]
[Result "0-1"]
[WhiteElo "2238"]
[BlackElo "2320"]
[PlyCount "82"]
[EventDate "2024.02.13"]
[EventType "swiss (blitz)"]
[EventRounds "11"]
[EventCountry "USA"]
[SourceTitle "CB08_2024"]
[SourceDate "2024.02.21"]
[SourceVersion "1"]
[SourceVersionDate "2024.02.21"]
[SourceQuality "1"]

1. e4 e5 2. Nf3 Nc6 3. Bc4 Nf6 4. d3 Bc5 5. c3 d6 6. 0-0 a5 7. a4 h6 8. Bb5 Ba7 9. h3 0-0 10. Be3 Bxe3 11. fxe3 Ne7 12. Bc4 c6 13. Qe1 Be6 14. Bxe6 fxe6 15. Nbd2 Ng6 16. Nh4 Nxh4 17. Qxh4 Qb6 18. Nc4 Qc7 19. Qg3 Rf7 20. Rf3 Raf8 21. Raf1 b5 22. axb5 cxb5 23. Nd2 Ne8 24. Qg6 Rxf3 25. Rxf3 Rxf3 26. gxf3 Nf6 27. f4 Qc5 28. d4 Qc7 29. fxe5 dxe5 30. Nf3 exd4 31. exd4 Qf4 32. Ne5 Qc1+ 33. Kh2 Qxb2+ 34. Kh1 Qc1+ 35. Kh2 Qd2+ 36. Kh1 Qe1+ 37. Kh2 Qe2+ 38. Kh1 Qxe4+ 39. Qxe4 Nxe4 40. Nc6 a4 41. Nd8 a3 0-1

[Event "Titled Tuesday intern op 13th Feb Early"]
[Site "Chess.com INT"]
[Date "2024.02.13"]
[Round "9"]
[White "Kosteniuk, Alexandra"]
[Black "Brilej, Jaka"]
[Result "1-0"]
[WhiteElo "2501"]
[BlackElo "2320"]
[PlyCount "97"]
[EventDate "2024.02.13"]
[EventType "swiss (blitz)"]
[EventRounds "11"]
[EventCountry "USA"]
[SourceTitle "CB08_2024"]
[SourceDate "2024.02.21"]
[SourceVersion "1"]
[SourceVersionDate "2024.02.21"]
[SourceQuality "1"]

1. Nf3 d5 2. g3 Nd7 3. d4 Nb6 4. Bg2 Nf6 5. 0-0 Bf5 6. a4 a5 7. Nc3 c6 8. Ne5 e6 9. f3 h6 10. e4 Bh7 11. Be3 Bb4 12. Qd3 0-0 13. Ne2 Bd6 14. Ng4 Nxg4 15. fxg4 Be7 16. c3 Nc4 17. Nf4 Nxb2 18. Qe2 Nc4 19. Bc1 Nd6 20. e5 Ne4 21. Qe1 c5 22. Be3 c4 23. Kh1 Rb8 24. Nh5 Bg5 25. Bg1 Bd2 26. Qe2 Bxc3 27. Rad1 Bb4 28. Be3 Be7 29. Bxe4 Bxe4+ 30. Kg1 Bg5 31. h4 Bxe3+ 32. Qxe3 Bg6 33. Nf4 Bh7 34. Nh5 Kh8 35. Rf2 b5 36. axb5 Rxb5 37. Rdf1 Rb3 38. Qc1 Qb6 39. Qf4 Rd3 40. Nxg7 Kxg7 41. g5 h5 42. Qf6+ Kg8 43. g6 Qc7 44. gxh7+ Kxh7 45. Qg5 Rxg3+ 46. Qxg3 Rg8 47. Rxf7+ Kh8 48. Qxg8+ Kxg8 49. Rxc7 1-0

[Event "Titled Tuesday intern op 13th Feb Late"]
[Site "Chess.com INT"]
[Date "2024.02.13"]
[Round "8"]
[White "Tristan, Leonardo"]
[Black "Brilej, Jaka"]
[Result "1-0"]
[WhiteElo "2515"]
[BlackElo "2320"]
[PlyCount "69"]
[EventDate "2024.02.13"]
[EventType "swiss (blitz)"]
[EventRounds "11"]
[EventCountry "USA"]
[SourceTitle "CB08_2024"]
[SourceDate "2024.02.21"]
[SourceVersion "1"]
[SourceVersionDate "2024.02.21"]
[SourceQuality "1"]

1. d4 Nf6 2. Nf3 g6 3. Bf4 Bg7 4. e3 0-0 5. Be2 d6 6. 0-0 b6 7. h3 Bb7 8. Bh2 Nbd7 9. a4 a5 10. Nbd2 e6 11. c3 Qe7 12. Bd3 e5 13. e4 exd4 14. cxd4 Nxe4 15. Nxe4 Bxe4 16. Re1 d5 17. Nd2 Qd8 18. Nxe4 dxe4 19. Bxe4 Ra7 20. Bc6 Nb8 21. d5 Nxc6 22. dxc6 Qf6 23. Qc2 Qxb2 24. Qxb2 Bxb2 25. Rad1 b5 26. axb5 a4 27. Re7 a3 28. Rxc7 Rxc7 29. Bxc7 a2 30. b6 a1Q 31. Rxa1 Bxa1 32. b7 Bd4 33. b8Q Rxb8 34. Bxb8 Kf8 35. c7 1-0

[Event "Rilton Cup 51st"]
[Site "Stockholm"]
[Date "2024.01.04"]
[Round "8"]
[White "Brilej, Jaka"]
[Black "Sai Agni, Jeevitesh J"]
[Result "1/2-1/2"]
[WhiteElo "2348"]
[BlackElo "2302"]
[PlyCount "106"]
[EventDate "2023.12.27"]
[EventType "swiss"]
[EventRounds "9"]
[EventCountry "SWE"]
[SourceTitle "CB02_2024"]
[SourceDate "2024.01.10"]
[SourceVersion "1"]
[SourceVersionDate "2024.01.10"]
[SourceQuality "1"]

1. e4 e5 2. Nf3 Nc6 3. Bc4 Nf6 4. d3 h6 5. 0-0 d6 6. a4 g6 7. Nc3 Bg7 8. a5 a6 9. h3 0-0 10. Be3 Be6 11. Bxe6 fxe6 12. Ne2 Nh5 13. Kh2 Nf4 14. Nfg1 g5 15. g3 Ng6 16. c3 Qd7 17. b4 Rf7 18. Qb3 d5 19. b5 axb5 20. Qxb5 d4 21. Bd2 dxc3 22. Bxc3 Nd8 23. Rab1 Ra6 24. Kg2 Qxb5 25. Rxb5 Rd7 26. Rd1 Rad6 27. Nc1 Rc6 28. Nge2 Bf8 29. Nb3 Bd6 30. d4 Be7 31. d5 exd5 32. Rdxd5 Rxd5 33. exd5 Ra6 34. Nc5 Ra7 35. Ne4 c6 36. dxc6 Nxc6 37. Nc5 Bxc5 38. Rxc5 Kf7 39. Kf3 Nf8 40. Ke4 Nd7 41. Rb5 Ke6 42. f4 gxf4 43. gxf4 Nf6+ 44. Kd3 exf4 45. Nxf4+ Ke7 46. Rf5 Nd7 47. Rh5 Ra6 48. Kc4 Kf7 49. Rf5+ Kg8 50. Nd5 Ra8 51. Nf6+ Nxf6 52. Rxf6 Nxa5+ 53. Bxa5 Rxa5 1/2-1/2

[Event "Rilton Cup 51st"]
[Site "Stockholm"]
[Date "2024.01.03"]
[Round "7"]
[White "Starosta, Martyna"]
[Black "Brilej, Jaka"]
[Result "1-0"]
[WhiteElo "2067"]
[BlackElo "2348"]
[PlyCount "125"]
[EventDate "2023.12.27"]
[EventType "swiss"]
[EventRounds "9"]
[EventCountry "SWE"]
[SourceTitle "CB02_2024"]
[SourceDate "2024.01.10"]
[SourceVersion "1"]
[SourceVersionDate "2024.01.10"]
[SourceQuality "1"]

1. e4 e6 2. d4 d5 3. Nc3 Bb4 4. e5 b6 5. h4 Ba6 6. Qg4 Bf8 7. Nge2 Ne7 8. Nf4 Bxf1 9. Kxf1 Nbc6 10. Nh5 Nf5 11. Bg5 Qc8 12. Rd1 h6 13. Be3 Qa6+ 14. Qe2 Qb7 15. g4 Nxe3+ 16. Qxe3 0-0-0 17. f4 Na5 18. b3 c5 19. Ne2 Nc6 20. c3 g6 21. Nf6 cxd4 22. cxd4 Be7 23. Ng1 h5 24. g5 Qa6+ 25. Qe2 Qa3 26. Rh2 Kb7 27. Nf3 Rc8 28. Qb2 Qxb2 29. Rxb2 Nb4 30. Ne1 Rc3 31. a3 Na6 32. Ra1 Rhc8 33. Kg2 Nc7 34. a4 Na6 35. Rd1 Nb4 36. Rdd2 a5 37. Rb1 Re3 38. Kf2 Rh3 39. Kg2 Rhc3 40. Kf2 Ka6 41. Kg2 Ka7 42. Kf2 Kb8 43. Rdd1 Nc2 44. Ng2 Kc7 45. f5 Bxf6 46. gxf6 gxf5 47. Nf4 Kd7 48. Nxh5 Rh8 49. Rg1 Rxh5 50. Rg7 Nxd4 51. Rxf7+ Kc6 52. Rg7 f4 53. b4 axb4 54. f7 Rc2+ 55. Kf1 Rf5 56. Rxb4 Nf3 57. a5 Nh2+ 58. Ke1 f3 59. Rxb6+ Kc5 60. f8Q+ Rxf8 61. Rc7+ Kd4 62. Rxc2 Ng4 63. Rb4+ 1-0

[Event "Rilton Cup 51st"]
[Site "Stockholm"]
[Date "2023.12.29"]
[Round "3"]
[White "Vignesh, B."]
[Black "Brilej, Jaka"]
[Result "1/2-1/2"]
[WhiteElo "2179"]
[BlackElo "2348"]
[PlyCount "130"]
[EventDate "2023.12.27"]
[EventType "swiss"]
[EventRounds "9"]
[EventCountry "SWE"]
[SourceTitle "CB02_2024"]
[SourceDate "2024.01.10"]
[SourceVersion "1"]
[SourceVersionDate "2024.01.10"]
[SourceQuality "1"]

1. e4 e6 2. d4 d5 3. exd5 exd5 4. c4 c6 5. Nc3 Nf6 6. Nf3 Bb4 7. Be2 dxc4 8. Bxc4 Qe7+ 9. Ne5 Be6 10. 0-0 0-0 11. Bg5 Bxc4 12. Nxc4 Qe6 13. Re1 Qxc4 14. Bxf6 gxf6 15. Qg4+ Kh8 16. Qf5 Nd7 17. Qxd7 Rad8 18. Qf5 Qxd4 19. Re4 Bxc3 20. Rxd4 Bxd4 21. Qc2 Rfe8 22. g3 Kg7 23. Rd1 c5 24. Kg2 b6 25. b3 Re5 26. Rd2 Rde8 27. Qd3 R8e7 28. Qf3 Re4 29. h4 b5 30. Rc2 b4 31. Rd2 h6 32. Qf5 R7e5 33. Qd7 Re7 34. Qf5 a5 35. Kf3 R4e5 36. Qg4+ Kh7 37. Qc8 Kg7 38. Qg4+ Kh7 39. Qc8 Kg7 40. Qa8 Rf5+ 41. Kg2 Rfe5 42. Qa6 R7e6 43. Qb5 Re7 44. g4 Ra7 45. Kf3 Ree7 46. Qc6 Re6 47. Qb5 Ree7 48. Rd1 a4 49. g5 fxg5 50. hxg5 hxg5 51. Rh1 axb3 52. Qb8 Kg6 53. Qg8+ Bg7 54. Qh7+ Kf6 55. axb3 Rad7 56. Kg2 Rd4 57. Rh3 Ree4 58. Qg8 Rg4+ 59. Kf1 Rh4 60. Rf3+ Rhf4 61. Rh3 Rd2 62. Rh7 Rdxf2+ 63. Kg1 Rf1+ 64. Kg2 R1f2+ 65. Kg1 Rf1+ 1/2-1/2

[Event "Novo Mesto op"]
[Site "Novo Mesto"]
[Date "2023.10.31"]
[Round "6"]
[White "Goroshkov, Maksym"]
[Black "Brilej, Jaka"]
[Result "1/2-1/2"]
[WhiteElo "2282"]
[BlackElo "2323"]
[PlyCount "105"]
[EventDate "2023.10.28"]
[EventType "swiss"]
[EventRounds "9"]
[EventCountry "SLO"]
[SourceTitle "CB48_2023"]
[SourceDate "2023.11.29"]
[SourceVersion "1"]
[SourceVersionDate "2023.11.29"]
[SourceQuality "1"]

1. e4 c5 2. c3 Nf6 3. e5 Nd5 4. Bc4 Nb6 5. Bb3 c4 6. Bc2 Nc6 7. Nf3 d6 8. exd6 Qxd6 9. d4 cxd3 10. Qxd3 Qxd3 11. Bxd3 g6 12. a4 Bf5 13. Bxf5 gxf5 14. a5 Nd5 15. a6 b6 16. 0-0 e6 17. Nbd2 Bd6 18. Nb3 Rc8 19. Rd1 Ne5 20. Nxe5 Bxe5 21. Nd4 f4 22. Nf3 Bb8 23. Rd4 f6 24. Bd2 Kf7 25. g3 fxg3 26. hxg3 Ne7 27. Rd1 e5 28. Rd7 Rhd8 29. Be3 Ke8 30. Rxd8+ Rxd8 31. Ra1 Nd5 32. Bd2 Nc7 33. Kf1 b5 34. Ke2 Rd6 35. Rh1 Rd7 36. Rh6 Rf7 37. g4 Nxa6 38. g5 Nc5 39. gxf6 Ne4 40. Ng5 Nxg5 41. Bxg5 Kd7 42. Kd3 Ke6 43. Ke4 Bc7 44. f3 a5 45. Bh4 Bd8 46. Bg3 Bc7 47. Bh4 Bd8 48. Rh5 Bxf6 49. Rh6 Rf8 50. Bg5 Rf7 51. Bh4 Rf8 52. Bg5 Rf7 53. Bh4 1/2-1/2

[Event "Novo Mesto op"]
[Site "Novo Mesto"]
[Date "2023.10.29"]
[Round "2"]
[White "Urbanc, Peter"]
[Black "Brilej, Jaka"]
[Result "1-0"]
[WhiteElo "2163"]
[BlackElo "2323"]
[PlyCount "71"]
[EventDate "2023.10.28"]
[EventType "swiss"]
[EventRounds "9"]
[EventCountry "SLO"]
[SourceTitle "CB48_2023"]
[SourceDate "2023.11.29"]
[SourceVersion "1"]
[SourceVersionDate "2023.11.29"]
[SourceQuality "1"]

1. d4 d5 2. e3 Nf6 3. c4 c6 4. Nf3 Bf5 5. Nc3 e6 6. Be2 h6 7. 0-0 Nbd7 8. Qb3 Qb6 9. c5 Qc7 10. Bd2 Be7 11. Qd1 0-0 12. b4 a6 13. a4 e5 14. b5 axb5 15. axb5 e4 16. b6 Rxa1 17. Qxa1 Qb8 18. Ne1 Ng4 19. Bxg4 Bxg4 20. Nc2 f5 21. Rb1 g5 22. Qa7 Qc8 23. Na1 f4 24. Nb3 f3 25. Na5 Nxc5 26. dxc5 Bh3 27. Qxb7 Qg4 28. g3 Bf1 29. Kxf1 Qh3+ 30. Ke1 Qxh2 31. Kd1 Qxf2 32. Kc2 d4 33. Nxe4 Qe2 34. Qxe7 dxe3 35. Nf6+ Rxf6 36. Qxe3 1-0

[Event "Titled Tuesday intern op 26th Sep Early"]
[Site "Chess.com INT"]
[Date "2023.09.26"]
[Round "9"]
[White "Brilej, Jaka"]
[Black "Tymrakiewicz, Rafal"]
[Result "1-0"]
[WhiteElo "2306"]
[BlackElo "2131"]
[PlyCount "69"]
[EventDate "2023.09.26"]
[EventType "swiss (blitz)"]
[EventRounds "11"]
[EventCountry "USA"]
[SourceTitle "EXT 2024"]
[Source "ChessBase"]
[SourceDate "2023.10.10"]
[SourceVersion "1"]
[SourceVersionDate "2023.10.10"]
[SourceQuality "1"]

1. e4 Nf6 2. e5 Nd5 3. d4 d6 4. c4 Nb6 5. f4 dxe5 6. fxe5 c5 7. d5 e6 8. Nc3 exd5 9. cxd5 c4 10. Bxc4 Bc5 11. Nf3 0-0 12. Bb3 Bg4 13. Bf4 N8d7 14. h3 Bh5 15. Qe2 Re8 16. e6 Nf6 17. 0-0-0 Rc8 18. Kb1 Bb4 19. Be5 Bxc3 20. bxc3 Nfxd5 21. c4 fxe6 22. cxd5 exd5 23. Rhe1 Qd7 24. Qb2 Nc4 25. Bxc4 Rxc4 26. Bc3 Rec8 27. Rc1 Bg6+ 28. Ka1 b5 29. Ne5 Qb7 30. Nxc4 dxc4 31. Bb4 a5 32. Re7 Qxe7 33. Bxe7 b4 34. Qe5 c3 35. Qe6+ 1-0

[Event "Titled Tuesday intern op 26th Sep Late"]
[Site "Chess.com INT"]
[Date "2023.09.26"]
[Round "9"]
[White "Garcia Correa, Jose Ricardo"]
[Black "Brilej, Jaka"]
[Result "0-1"]
[WhiteElo "2103"]
[BlackElo "2306"]
[PlyCount "100"]
[EventDate "2023.09.26"]
[EventType "swiss (blitz)"]
[EventRounds "11"]
[EventCountry "USA"]
[SourceTitle "EXT 2024"]
[Source "ChessBase"]
[SourceDate "2023.10.10"]
[SourceVersion "1"]
[SourceVersionDate "2023.10.10"]
[SourceQuality "1"]

1. e4 e6 2. d4 d5 3. Nc3 Nf6 4. Bg5 dxe4 5. Nxe4 Be7 6. Bxf6 gxf6 7. Nf3 a6 8. Bc4 f5 9. Nc3 b5 10. Bb3 b4 11. Ne2 Bb7 12. Nf4 0-0 13. Bxe6 fxe6 14. Nxe6 Qd5 15. Nxf8 Qe4+ 16. Qe2 Bxf8 17. Qxe4 Bxe4 18. 0-0-0 Bxf3 19. gxf3 Bd6 20. Kb1 Nd7 21. Rhg1+ Kf7 22. Rg5 Kf6 23. Rh5 Nf8 24. Rg1 Re8 25. c4 bxc3 26. bxc3 Re7 27. Rgg5 Ng6 28. Rxf5+ Kg7 29. c4 Re1+ 30. Kc2 Re2+ 31. Kb3 Rxf2 32. c5 Bxh2 33. Rd5 Rxf3+ 34. Kc4 Bf4 35. Rd7+ Kf6 36. Rhxh7 Rf2 37. a4 c6 38. Ra7 Rf3 39. Rxa6 Ne7 40. Ra7 Nd5 41. Raf7+ Ke6 42. Rh6+ Kxf7 43. Rxc6 Ne7 44. Ra6 Rf1 45. d5 Rc1+ 46. Kb5 Nxd5 47. c6 Nc7+ 48. Kb6 Nxa6 49. Kxa6 Rxc6+ 50. Kb5 Rc1 0-1

[Event "Titled Tuesday intern op 26th Sep Late"]
[Site "Chess.com INT"]
[Date "2023.09.26"]
[Round "4"]
[White "Kilic, Eray"]
[Black "Brilej, Jaka"]
[Result "1/2-1/2"]
[WhiteElo "2432"]
[BlackElo "2306"]
[PlyCount "92"]
[EventDate "2023.09.26"]
[EventType "swiss (blitz)"]
[EventRounds "11"]
[EventCountry "USA"]
[SourceTitle "EXT 2024"]
[Source "ChessBase"]
[SourceDate "2023.10.10"]
[SourceVersion "1"]
[SourceVersionDate "2023.10.10"]
[SourceQuality "1"]

1. d4 d5 2. Nc3 Nf6 3. Bf4 e6 4. Nb5 Na6 5. e3 Be7 6. Nf3 0-0 7. Bd3 c6 8. Nc3 c5 9. 0-0 c4 10. Be2 Bb4 11. Nd2 Bd6 12. Bxd6 Qxd6 13. e4 dxe4 14. Ndxe4 Nxe4 15. Nxe4 Qc6 16. Bf3 Qc7 17. c3 Rb8 18. a4 b6 19. Qe2 Bb7 20. h3 Rbc8 21. Nd2 Bxf3 22. Nxf3 Nb8 23. Rfd1 Rfd8 24. Qe4 Nd7 25. Ne5 Nxe5 26. dxe5 h6 27. f4 Qc5+ 28. Kf1 g6 29. Ke2 Qc7 30. h4 h5 31. Kf3 Rxd1 32. Rxd1 Rd8 33. Rxd8+ Qxd8 34. Kg3 Qd2 35. Qxc4 Qxb2 36. Qd4 Qe2 37. Qd8+ Kg7 38. Qf6+ Kg8 39. Kh2 Qe3 40. Qd8+ Kg7 41. Qf6+ Kg8 42. c4 Qe4 43. Qd8+ Kg7 44. Qf6+ Kg8 45. Qd8+ Kg7 46. Qf6+ Kg8 1/2-1/2

[Event "Titled Tuesday intern op 19th Sep Early"]
[Site "Chess.com INT"]
[Date "2023.09.19"]
[Round "4"]
[White "Brilej, Jaka"]
[Black "Heinemann, Josefine"]
[Result "1-0"]
[WhiteElo "2306"]
[BlackElo "2296"]
[PlyCount "119"]
[EventDate "2023.09.19"]
[EventType "swiss (blitz)"]
[EventRounds "11"]
[EventCountry "USA"]
[SourceTitle "EXT 2024"]
[Source "ChessBase"]
[SourceDate "2023.10.10"]
[SourceVersion "1"]
[SourceVersionDate "2023.10.10"]
[SourceQuality "1"]

1. e4 c6 2. d4 d5 3. e5 Bf5 4. Nf3 e6 5. Be2 Nd7 6. 0-0 a6 7. c3 c5 8. Na3 Ne7 9. Nc2 Nc6 10. Nfe1 Bxc2 11. Nxc2 Be7 12. Be3 0-0 13. f4 b5 14. f5 exf5 15. Rxf5 Re8 16. Qf1 f6 17. Bf3 Nb6 18. exf6 Bxf6 19. dxc5 Ne7 20. Rxf6 gxf6 21. cxb6 Qd6 22. Rd1 Rad8 23. b4 Kh8 24. Bc5 Qf4 25. Nd4 Nf5 26. Nxf5 Qxf5 27. Bd4 Kg7 28. Bh5 Qxf1+ 29. Rxf1 Re6 30. Bg4 Rc6 31. b7 Rb8 32. Bc8 Kg6 33. Ba7 Rbxc8 34. bxc8Q Rxc8 35. Bd4 Rc6 36. g3 h5 37. Rf4 Re6 38. Kf2 f5 39. Rf3 Re4 40. Re3 Kg5 41. Rxe4 dxe4 42. Be3+ Kg4 43. h4 Kh3 44. Bf4 Kg4 45. Ke3 Kh3 46. Kd4 Kg4 47. c4 bxc4 48. Kxc4 Kf3 49. a4 e3 50. Bxe3 Kxe3 51. b5 axb5+ 52. axb5 Kf3 53. b6 Kxg3 54. b7 f4 55. b8Q Kg4 56. Qg8+ Kxh4 57. Kd3 f3 58. Ke3 f2 59. Kxf2 Kh3 60. Qg3# 1-0

[Event "Titled Tuesday intern op 19th Sep Late"]
[Site "Chess.com INT"]
[Date "2023.09.19"]
[Round "2"]
[White "Brilej, Jaka"]
[Black "Martinez Alcantara, Jose Eduardo"]
[Result "0-1"]
[WhiteElo "2306"]
[BlackElo "2611"]
[PlyCount "94"]
[EventDate "2023.09.19"]
[EventType "swiss (blitz)"]
[EventRounds "11"]
[EventCountry "USA"]
[SourceTitle "EXT 2024"]
[Source "ChessBase"]
[SourceDate "2023.10.10"]
[SourceVersion "1"]
[SourceVersionDate "2023.10.10"]
[SourceQuality "1"]

1. e4 c5 2. c3 e6 3. d4 d5 4. e5 Qb6 5. Nf3 Nc6 6. a3 c4 7. Nbd2 Na5 8. Rb1 Bd7 9. h4 h6 10. b4 cxb3 11. Nxb3 Nxb3 12. Qxb3 Qxb3 13. Rxb3 b6 14. Ba6 Ne7 15. 0-0 Nc6 16. Nd2 Na5 17. Rb1 Be7 18. c4 Nxc4 19. Nxc4 dxc4 20. Bxc4 Bxh4 21. d5 0-0 22. d6 Rfc8 23. Ba6 Rc5 24. g3 Bd8 25. f4 Rb8 26. Bd3 Rbc8 27. Be3 Rc3 28. Rfd1 Rxa3 29. Ra1 Rxa1 30. Rxa1 a5 31. Rb1 Rb8 32. Bb5 Bxb5 33. Rxb5 Kf8 34. Kf1 Ke8 35. Ke2 Kd7 36. Kd3 Kc6 37. Kc4 Rb7 38. Bd2 g5 39. fxg5 Bxg5 40. Bxg5 hxg5 41. g4 Rb8 42. Rb1 b5+ 43. Kb3 Kd5 44. Rc1 Kxe5 45. d7 Rd8 46. Rd1 f5 47. gxf5 exf5 0-1